00545nam a2200157Ia 4500008004100000100001700041245009300058245001700151260005900168260000900227650001800236650001500254856002600269999001900295952007300314170221s9999 xx 000 0 und d aIsaac Nunoo. aDeterminants of News Selection in the Ghanaian Print Media: A Study of the Daily Graphic cIsaac Nunoo. bOnline Journal of Communication and Media Technologies c2013 xCommunication xMedia Arts uhttp://www.ojcmt.net/ c310590d310590 001040aCLbCLd2017-02-21l0r2017-02-21 00:00:00w2017-02-21yFOJ